Países con mayor porcentaje de PIB destinado a la defensa - Estadísticas

Estadísticas generales
  • Esta prueba ha sido intentada 23 veces
  • La puntuación promedio es 15 de 30
Estadísticas de respuestas
%PIB País % Correcto
3,42% Estados Unidos
95%
8,78% Israel
95%
7,05% Rusia
95%
7,3% Arabia Saudí
90%
7,97% Argelia
81%
3,52% Marruecos
81%
34,48% Ucrania
76%
2,67% Pakistán
71%
3,36% Colombia
62%
4,8% Jordania
62%
4,15% Polonia
62%
2,89% Baréin
52%
4,84% Kuwait
52%
5,59% Omán
48%
2,84% Singapur
48%
3,13% Grecia
43%
4,99% Azerbaiyán
38%
5,48% Armenia
33%
6,79% Birmania
33%
2,98% Chad
33%
3,37% Estonia
33%
2,97% Kirguistán
33%
3,26% Letonia
33%
3,12% Lituania
33%
3,58% Brunéi
29%
4,2% Mali
24%
4,68% Burkina Faso
19%
2,73% Namibia
19%
3,8% Burundi
10%
2,83% Botsuana
5%
No se encontraron pruebas coincidentes
Distribución de puntuación
Porcentaje de gente con cada puntuación
Porcentaje por número respondido
Historial de tus puntuaciones
No has intentado esta prueba.